Расчет вакуум-аппарата: [оттиск статьи]

التفاصيل البيبلوغرافية
المؤلف الرئيسي: Силин П. М. Павел Михайлович
الملخص:Оттиск из "Записок Киевского отделения ИРТО", том 43, № 4
Текст в русской дореформенной орфографии
Печатано с разрешения г. Председателя Киевского Отделения Императорского Русского Технического Общества Г. Г. Де-Метц
اللغة:الروسية
منشور في: Киев, Типография Акционерного Общества "Петр Барский в Киеве", 1913
سلاسل:Записки К. О. И. Р. Т. О. Т. 43, № 4
الموضوعات:
التنسيق: MixedMaterials كتاب
KOHA link:https://koha.lib.tpu.ru/cgi-bin/koha/opac-detail.pl?biblionumber=269416

MARC

LEADER 00000nam0a2200000 4500
001 269416
005 20231101234243.0
035 |a (RuTPU)RU\TPU\book\292591 
090 |a 269416 
100 |a 20140918d1913 k y0rusy50 ca 
101 0 |a rus 
102 |a UA 
105 |a y z 000zy 
200 1 |a Расчет вакуум-аппарата  |e [оттиск статьи]  |f П. М. Силин 
210 |a Киев  |c Типография Акционерного Общества "Петр Барский в Киеве"  |d 1913 
215 |a 4 с. 
225 1 |a Записки К. О. И. Р. Т. О.  |v Т. 43, № 4 
300 |a Оттиск из "Записок Киевского отделения ИРТО", том 43, № 4  
300 |a Текст в русской дореформенной орфографии 
300 |a Печатано с разрешения г. Председателя Киевского Отделения Императорского Русского Технического Общества Г. Г. Де-Метц 
316 |5 63413507: ШкА/2212  |a На титульном листе дарственная надпись: "В Библиотеку Томск. Технол. Ин-та. П. Силин. 10/VIII 23 г." 
606 1 |a Выпаривание  |2 stltpush  |3 (RuTPU)RU\TPU\subj\31539  |9 54367 
610 1 |a тепловые процессы 
610 1 |a химическая технология 
610 1 |a вакуумные установки 
610 1 |a выпарные установки 
610 1 |a расчет 
610 1 |a выпарные аппараты 
610 1 |a труды учёных ТПУ 
610 1 |a коллекция ТПУ 
610 1 |a дарственные надписи 
610 1 |a дары автора 
610 1 |a дары библиотеке 
610 1 |a оттиски 
675 |a 66.048.5  |v 3 
700 1 |a Силин  |b П. М.  |c специалист в области сахарного производства, Герой Социалистического Труда  |c выпускник Томского технологического института, профессор Томского государственного университета, заведующий кафедрой технологии сахаристых веществ Московского технологического института пищевой промышленности  |f 1887-1967  |g Павел Михайлович  |2 stltpush  |3 (RuTPU)RU\TPU\pers\7982 
801 1 |a RU  |b 63413507  |c 20140918 
801 2 |a RU  |b 63413507  |c 20201203  |g RCR 
942 |c BK